[Event "AUTO-OPEN-861"]
[Site "http://www.queenalice.com/game.php?id=284573"]
[Date "2007.10.11"]
[Round "1"]
[White "markus765432"]
[Black "sbll"]
[Result "0-1"]
[WhiteElo "2101"]
[BlackElo "1809"]

1. d4 e6 2. e4 d5 3. exd5 exd5 4. Bd3 Bd6 5. Ne2 Nf6 6. O-O O-O 7. c3 Re8 8. f4
c5 9. Nd2 c4 10. Bc2 Qe7 11. Ng3 Qc7 12. Nf3 Bxf4 13. Bxf4 Qxf4 14. Ne5 Qe3+ 15.
Kh1 Nc6 16. Nh5 Nxe5 17. dxe5 Ng4 0-1

[Event "AUTO-OPEN-861"]
[Site "http://www.queenalice.com/game.php?id=284574"]
[Date "2007.10.11"]
[Round "1"]
[White "sbll"]
[Black "markus765432"]
[Result "1-0"]
[WhiteElo "1910"]
[BlackElo "2106"]

1. d4 d5 2. c4 e6 3. Nc3 Nf6 4. Bg5 Nbd7 5. e3 Bb4 6. cxd5 exd5 7. Bd3 O-O 8.
Qc2 c6 9. Bxh7+ Kh8 10. Bd3 Qa5 11. Ne2 Ne4 12. Bf4 Ndf6 13. O-O Bd7 14. Nxe4
dxe4 15. Bxe4 Rfe8 16. Bd3 Rac8 17. a3 Bf8 18. Rac1 Qb6 19. Nc3 Nd5 20. Nxd5
cxd5 21. Qe2 Bd6 22. Qh5+ 1-0

[Event "AUTO-ADV-689"]
[Site "http://www.queenalice.com/game.php?id=292871"]
[Date "2007.10.25"]
[Round "1"]
[White "monicker"]
[Black "sbll"]
[Result "0-1"]
[WhiteElo "1800"]
[BlackElo "2000"]

1. e4 e6 2. Nf3 d5 3. exd5 exd5 4. d4 Nf6 5. Be2 Bd6 6. O-O O-O 7. Nc3 c6 8. Re1
Re8 9. Bg5 h6 10. Bh4 Bf5 11. h3 Nbd7 12. Bd3 Rxe1+ 13. Nxe1 Bxd3 14. Qxd3 Qc7
15. Nf3 g5 16. Bg3 Bxg3 17. fxg3 Qxg3 18. Ne2 Qd6 19. Re1 Re8 20. Nc3 Rxe1+ 21.
Nxe1 Qb4 22. Nf3 Qxb2 0-1

[Event "AUTO-ADV-689"]
[Site "http://www.queenalice.com/game.php?id=292872"]
[Date "2007.10.25"]
[Round "1"]
[White "sbll"]
[Black "monicker"]
[Result "1-0"]
[WhiteElo "2011"]
[BlackElo "1783"]

1. d4 e6 2. e4 c5 3. Nf3 d6 4. Nc3 cxd4 5. Nxd4 a6 6. Be3 Be7 7. Be2 Nf6 8. g4
d5 9. e5 Nfd7 10. f4 Bh4+ 11. Kf1 Nc6 12. Kg2 f6 13. Nxe6 Qa5 14. Nxd5 Kf7 15.
Nec7 Rb8 16. e6+ Kf8 17. exd7 Bxd7 18. Bb6 Qa4 19. Nc3 Ne7 20. Nxa4 Bc6+ 21. Bf3
Bxa4 22. b3 Bc6 23. Qd6 1-0

[Event "AUTO-ADV-689"]
[Site "http://www.queenalice.com/game.php?id=292885"]
[Date "2007.10.25"]
[Round "1"]
[White "sbll"]
[Black "Xavier"]
[Result "1-0"]
[WhiteElo "1886"]
[BlackElo "1724"]

1. d4 Nf6 2. c4 d5 3. cxd5 Qxd5 4. Nc3 Qa5 5. Nf3 Ne4 6. Bd2 Nxd2 7. Qxd2 c6 8.
e4 e6 9. Bc4 Bd6 10. O-O O-O 11. e5 Bb4 12. a3 Bxc3 13. bxc3 b5 14. Bd3 f5 15.
exf6 g6 16. Qg5 Nd7 17. Bxg6 Rxf6 18. Be8+ Kf8 19. Bxd7 Rg6 20. Qc5+ Kg7 21. Ne5
Bxd7 22. Qe7+ Kh6 23. Qxd7 Qxc3 24. Nxg6 Rg8 25. Qxe6 Rxg6 26. Qe3+ Qxe3 27.
fxe3 Re6 28. Rf3 Kg5 29. Rc1 a5 30. Rc5+ Kg6 31. Kf2 a4 32. Rf8 Kg7 33. Rc8 Kf7
34. R5xc6 b4 35. Rxe6 Kxe6 36. axb4 Kd5 37. Ra8 Kc4 38. Rxa4 Kb3 39. b5 Kxa4 40.
b6 1-0

[Event "AUTO-ADV-689"]
[Site "http://www.queenalice.com/game.php?id=292886"]
[Date "2007.10.25"]
[Round "1"]
[White "Xavier"]
[Black "sbll"]
[Result "0-1"]
[WhiteElo "1703"]
[BlackElo "1750"]

1. c4 e6 2. Nc3 f5 3. e4 e5 4. exf5 Nf6 5. d4 exd4 6. Qxd4 Nc6 7. Qe3+ Be7 8.
Nf3 O-O 9. Nd5 Re8 10. Qd3 Bb4+ 11. Kd1 Ng4 12. Qc2 Nd4 13. Bg5 Nxf3 14. Be2
Nxf2+ 0-1

[Event "AUTO-ADV-689"]
[Site "http://www.queenalice.com/game.php?id=292887"]
[Date "2007.10.25"]
[Round "1"]
[White "sbll"]
[Black "lordek"]
[Result "1-0"]
[WhiteElo "1964"]
[BlackElo "1863"]

1. d4 d5 2. c4 Nc6 3. Nc3 dxc4 4. Nf3 Nf6 5. d5 Nb8 6. e4 e6 7. Bxc4 exd5 8.
Nxd5 Nxd5 9. Bxd5 Be7 10. Qb3 O-O 11. Ne5 Qe8 12. Bxb7 Bxb7 13. Qxb7 Nd7 14.
Nxd7 Qxd7 15. O-O Bd6 16. Qd5 Kh8 17. Bf4 f5 18. e5 c6 19. Qxd6 1-0

[Event "AUTO-ADV-689"]
[Site "http://www.queenalice.com/game.php?id=292888"]
[Date "2007.10.25"]
[Round "1"]
[White "lordek"]
[Black "sbll"]
[Result "0-1"]
[WhiteElo "1770"]
[BlackElo "1989"]

1. d4 e6 2. c4 f5 3. Nc3 Nf6 4. Bg5 Be7 5. Nf3 O-O 6. e3 d5 7. Bd3 c6 8. O-O
Nbd7 9. Qc2 h6 10. Bf4 Ne4 11. Nd2 Nxd2 12. Qxd2 Nf6 13. Rad1 Kh7 14. Qc2 g6 15.
Qd2 Qe8 16. f3 Qf7 17. e4 Ng8 18. e5 Bd7 19. c5 b6 20. b4 Rfb8 21. Rb1 Bf8 22.
Rb2 Be8 23. Rfb1 g5 24. Be3 b5 25. g4 Kh8 26. gxf5 exf5 27. f4 g4 28. a4 bxa4
29. Nxa4 Rb7 30. Ba6 Rc7 31. Nc3 Ne7 32. b5 Ng6 33. Bf2 h5 34. b6 axb6 35. cxb6
Re7 36. Be2 Rb7 37. Ra2 Rab8 38. Ra6 Bh6 39. Be3 Bd7 40. Na4 Bf8 41. Qa5 Bc8 42.
Ra8 Kh7 43. Rb2 Qe8 44. Ra7 Nh4 45. Ba6 Nf3+ 46. Kg2 Rg7 47. b7 Be6 48. Be2 Nh4+
49. Kh1 g3 50. Ra8 g2+ 51. Kg1 Rgxb7 52. Rxb7+ Rxb7 53. Ra7 Qd7 54. Rxb7 Qxb7
55. Bd3 Qb3 56. Nc3 Nf3+ 0-1

[Event "AUTO-OPEN-861"]
[Site "http://www.queenalice.com/game.php?id=346847"]
[Date "2008.2.1"]
[Round "2"]
[White "sbll"]
[Black "pacou93"]
[Result "1-0"]
[WhiteElo "2021"]
[BlackElo "1667"]

1. d4 Nf6 2. Nf3 e6 3. Bg5 Be7 4. e3 a6 5. c4 Ne4 6. Bxe7 Qxe7 7. Bd3 Nf6 8. Nc3
d5 9. O-O c6 10. e4 dxe4 11. Nxe4 Nxe4 12. Bxe4 O-O 13. Qe2 b5 14. Rfe1 Bb7 15.
Qc2 bxc4 16. Bxh7+ Kh8 17. Be4 Nd7 18. Qxc4 Rfc8 19. Ne5 Nxe5 20. dxe5 c5 21.
Re3 Bxe4 22. Qxe4 Kg8 23. Rc1 a5 24. Rh3 g6 25. Qf4 Qf8 26. Qf6 Qg7 27. Qg5 Kf8
28. Rhc3 Ke8 29. Rxc5 Kd7 30. Qd2+ Ke8 31. Rxc8+ 1-0

[Event "AUTO-OPEN-861"]
[Site "http://www.queenalice.com/game.php?id=346848"]
[Date "2008.2.1"]
[Round "2"]
[White "pacou93"]
[Black "sbll"]
[Result "0-1"]
[WhiteElo "1652"]
[BlackElo "2020"]

1. e4 Nf6 2. Nc3 d5 3. e5 Ne4 4. f4 Nxc3 5. dxc3 Bf5 6. Bd3 Bxd3 7. cxd3 e6 8.
d4 c5 9. Nf3 Nc6 10. O-O Qb6 11. Kh1 Be7 12. Be3 Qxb2 13. Qb1 Qxb1 14. Raxb1 b6
15. a4 cxd4 16. cxd4 Rc8 17. Rfc1 Kd7 18. Bd2 Nb8 19. Rxc8 Rxc8 20. Rc1 Rxc1+
21. Bxc1 a6 22. Ng5 Bxg5 23. fxg5 b5 24. axb5 axb5 25. Ba3 Na6 26. h4 b4 27. Bb2
Kc6 28. Kg1 Kb5 29. Kf2 Kc4 30. Ke3 Kb3 31. Bc1 Kc2 0-1

[Event "AUTO-OPEN-859"]
[Site "http://www.queenalice.com/game.php?id=376423"]
[Date "2008.3.24"]
[Round "2"]
[White "Alberlandes"]
[Black "sbll"]
[Result "1-0"]
[WhiteElo "1956"]
[BlackElo "1954"]

1. d4 c5 2. d5 d6 3. e4 g6 4. Nf3 Bg7 5. c3 Nf6 6. Be2 O-O 7. Qc2 Na6 8. O-O Nc7
9. Bg5 Bd7 10. c4 h6 11. Bh4 g5 12. Bg3 Nh5 13. Nbd2 Nxg3 14. fxg3 Na6 15. a3
1-0

[Event "AUTO-OPEN-859"]
[Site "http://www.queenalice.com/game.php?id=376424"]
[Date "2008.3.24"]
[Round "2"]
[White "sbll"]
[Black "Alberlandes"]
[Result "0-1"]
[WhiteElo "1938"]
[BlackElo "1972"]

1. d4 d5 2. c4 c6 3. Nc3 Bf5 4. Qb3 b6 5. cxd5 cxd5 6. Qxd5 Qxd5 7. Nxd5 Kd8 8.
Bf4 Nd7 9. f3 Rc8 10. e4 Be6 11. Nc3 f6 12. Ba6 Rxc3 13. bxc3 g5 14. Be3 Nb8 15.
Bd3 h5 16. Ne2 Nd7 0-1

[Event "AUTO-OPEN-859"]
[Site "http://www.queenalice.com/game.php?id=376427"]
[Date "2008.3.24"]
[Round "2"]
[White "bmax1968"]
[Black "sbll"]
[Result "1-0"]
[WhiteElo "2061"]
[BlackElo "1923"]

1. d4 c5 2. d5 d6 3. e4 Nf6 4. Nc3 g6 5. Nf3 Bg7 6. Bb5+ Nbd7 7. a4 a6 8. Bd3
Rb8 9. O-O O-O 10. h3 Ne8 11. a5 b5 12. axb6 Qxb6 13. Nd2 Ne5 14. Nc4 Nxc4 15.
Bxc4 Nc7 16. Na4 Qb4 17. Qd3 e5 18. c3 Qb7 19. Bg5 f6 20. Bh4 1-0

[Event "AUTO-OPEN-859"]
[Site "http://www.queenalice.com/game.php?id=376428"]
[Date "2008.3.24"]
[Round "2"]
[White "sbll"]
[Black "bmax1968"]
[Result "0-1"]
[WhiteElo "1913"]
[BlackElo "2071"]

1. d4 d6 2. c4 Nf6 3. Nc3 g6 4. e4 Bg7 5. Bg5 O-O 6. Be2 Nbd7 7. Qd2 c5 8. d5
Qa5 9. Nf3 h6 10. Bf4 g5 11. Bg3 Nh5 12. Qc2 a6 13. Nd2 Nxg3 14. hxg3 Ne5 15. f4
Ng6 16. Nb3 Qb6 17. Rf1 e6 18. dxe6 fxe6 19. e5 Ne7 0-1

[Event "AUTO-ADV-689"]
[Site "http://www.queenalice.com/game.php?id=377328"]
[Date "2008.3.26"]
[Round "2"]
[White "Eduarte"]
[Black "sbll"]
[Result "1-0"]
[WhiteElo "1914"]
[BlackElo "1991"]

1. e4 Nf6 2. e5 Nd5 3. c4 Nb6 4. Nc3 d6 5. exd6 cxd6 6. d4 g6 7. Nf3 Bg7 8. Be3
Nc6 9. Be2 O-O 10. Qd2 Bg4 11. b3 d5 12. c5 Nd7 13. h3 Bf5 14. Nxd5 1-0

[Event "AUTO-ADV-689"]
[Site "http://www.queenalice.com/game.php?id=377329"]
[Date "2008.3.26"]
[Round "2"]
[White "sbll"]
[Black "Eduarte"]
[Result "0-1"]
[WhiteElo "1971"]
[BlackElo "1933"]

1. d4 d5 2. c4 e6 3. Nc3 Nf6 4. Bg5 Be7 5. e3 O-O 6. cxd5 exd5 7. Bd3 c6 8. Qc2
h6 9. Bh4 Be6 10. Nf3 Nbd7 11. O-O Rc8 12. Rfc1 a6 0-1

[Event "AUTO-ADV-689"]
[Site "http://www.queenalice.com/game.php?id=377330"]
[Date "2008.3.26"]
[Round "2"]
[White "Indefinable"]
[Black "sbll"]
[Result "1-0"]
[WhiteElo "2042"]
[BlackElo "2024"]

1. e3 d5 2. c4 e6 3. cxd5 exd5 4. Bd3 c5 5. b3 Nf6 6. Bb2 Be7 7. Ne2 Nc6 8. O-O
O-O 9. Nbc3 Be6 10. Rc1 b6 11. Ng3 Qd7 12. Nce2 a6 13. Nf4 b5 14. Ngh5 Bg4 15.
Nxf6+ Bxf6 16. Qc2 Nb4 17. Qb1 Bxb2 18. Qxb2 Rac8 19. Bb1 d4 20. e4 Qd6 21. a3
Nc6 22. Nd3 1-0

[Event "AUTO-ADV-689"]
[Site "http://www.queenalice.com/game.php?id=377331"]
[Date "2008.3.26"]
[Round "2"]
[White "sbll"]
[Black "Indefinable"]
[Result "0-1"]
[WhiteElo "2006"]
[BlackElo "2057"]

1. d4 d5 2. c4 e6 3. Nc3 Be7 4. Bf4 Nf6 5. Nf3 c6 6. e3 Nbd7 7. Bd3 Nf8 8. Qc2
Ng6 9. Bg5 Nd7 10. Bxe7 Qxe7 11. cxd5 exd5 12. O-O O-O 13. Rab1 b5 0-1